000 00664nam a22002297a 4500
003 UA-OsUOA
001 56464
007 ta
008 20081029b un ||||| |||| 00| 0 ukr d
100 _aНайменко С.В.
700 _aМіщенко С.В.
090 _a330(477)
_bН20
942 _cSA
040 _aUA-OsUOA
_bukr
_cUA-OsUOA
_dUA-OsUOA
245 _aІнституційний розвиток фінансовго сектору України
300 _aС.53-72
955 _a0
041 _aukr
080 _a330(477)
773 0 _w56459
_tФінанси України
_dК.
_d2008
_g7
650 7 _a330 Економіка взагалі
_2UDC
999 _c342553
_d342553